Statistics for Group of Seven Quiz

Click here to take the quiz!

General Stats

  • This quiz has been taken 24 times
  • The average score is 8 of 8

Answer Stats

HintAnswer% Correct
Germany
100%
United kingdom
100%
United States Of America
100%
France
95%
Japan
95%
Canada
89%
Italy
89%
(Former member)Russia
84%

Score Distribution

Percentile by Number Answered

Percent of People with Each Score

Your Score History

You have not taken this quiz